Bushaltestellen Detmold 701 (komplett) - Statistiken

Allgemein
  • Dieses Quiz wurde 17 mal gespielt
  • Das Durchschnittsergebnis liegt bei 19 aus 46
Antwortstatistiken
Hint Antwort % Korrekt
Museum Freilichtmuseum
78%
Museum Landesmuseum
78%
Krug Eichenkrug
67%
Krug Niederkrug
67%
Tal Rosental
67%
Straße Adolf-Meier-Str
56%
Agentur Agentur für Arbeit
56%
Bahnhof Bahnhof
56%
Straße Elisabeth Str
56%
Straße Hebbelstr
56%
Straße Herman Niebur Str
56%
Straße Karl Werhan Str
56%
Straße Oerlinghauser Str
56%
Straße Sandstr
56%
Baustelle Sichterwiese/Bielefelder Str
56%
Adler Adlerwarte
44%
Allee Allee
44%
Mann Begemann
44%
5 Buchstaben Deppe
44%
Höhe Friedrichshöhe
44%
Kuhle Höpperkuhle
44%
In den In den benten
44%
Heiligenkirchen Mitte
44%
Brink Schwarzenbrink
44%
Theater Sommertheater
44%
Friedhof Waldfriedhof
44%
Platz Weerthplatz
44%
Feuerwehr Feuerwehrturm
33%
Weg Kirchweg
33%
Eck Plantageneck
33%
Bach Remmerbach
33%
Mühle Rethlager Mühle
33%
Schule Schule
33%
Am Am Palsberg
22%
Baustelle Braunenbruch/Bachstr
22%
Fisch Forelle
22%
Bad Freibad
22%
4 Buchstaben Gaus
22%
Im Im Märchengrund
22%
Kreuz Kreuzung
22%
Kreisverkehr Kussler Höhe
22%
Baustelle Sichterheide/Im Lindenort
22%
Abzweig Abzw Lage
11%
Im Im Hoffeld
11%
5 Buchstaben Kanne
11%
Korn Sommerkorn
11%
Keine übereinstimmenden Quizze gefunden
Verteilung der Resultate
Anzahl Personen mit jedem Resultat
Perzentil nach korrekt beantworteten Fragen
Ihre Resultats-Entwicklung
Sie haben dieses Quiz noch nicht gespielt